00485nam a2200193 a 4500001001300000003000900013005001700022008004100039020001000080082001400090100001600104245002500120260006000145300000900205500003500214505001000249650001600259700001600275nice12345678IN_TiNIC20260116011638.0050524s1915 newa grc 000 0 49g  ac10000a239bSHA1 aShah, Ahmad aAl-Quran, Commentary aNew DelhibCentre for Women`s Development Studiesc1915 a508p aincludes index and biblioraphy2 aIndex aApologetics1 aShah, Ahmad